| 000 | 00582nam a2200193Ia 4500 | ||
|---|---|---|---|
| 003 | GCL | ||
| 008 | 140319s9999 xx 000 0 ara d | ||
| 040 |
_aGCL / _cGCL |
||
| 082 | 0 | 4 |
_a523.4 _bم د |
| 100 | 1 | _aمور، باتريك | |
| 245 | 1 | 0 |
_aدليل فيليب للنجوم والكواكب / _cمور، باتريك |
| 260 |
_aالرياض : _bجامعة الملك سعود ، _c2000 |
||
| 300 |
_a315 ص ؛ _c24 سم |
||
| 650 | 0 | 4 | _aالنجوم |
| 650 | 0 | 4 | _aالكواكب |
| 650 | 0 | 4 | _aالمجموعة الشمسية |
| 650 | 0 | 4 | _aالمجرات |
| 942 |
_2ddc _cBK |
||
| 999 |
_c7052 _d7052 |
||